000 00606nam a22002177a 4500
003 BUBTL
008 240514b ||||| |||| 00| 0 eng d
020 _a9789386385079
041 _aeng
082 _a371/ P8863t/ 2017
100 _95828
_aPrasad, V. R. K.
245 _aTalent and skills:
_bdiscovering the art/
_cV. R. K. Prasad
250 _a1st ed.
260 _aNew Delhi:
_bViva Books,
_cc2017
300 _ax, 95 p.:
_c21.5 cm.
650 0 _95829
_a Talent developing
650 0 _93550
_aEnglish
856 _k0
_l0
_yDownload
942 _2ddc
_cBK
999 _c7319
_d7319